| 000 | 00467nam a22001577a 4500 | ||
|---|---|---|---|
| 020 | _a0-415-07074-0 | ||
| 082 |
_a711.409 _bWHI |
||
| 100 |
_aWhitehead, J. W. R _945222 |
||
| 245 |
_aUrban landscapes international perspectives/ _cWhitehead, J. W. R |
||
| 250 | _a1st volume | ||
| 260 |
_aLondon, _bRoutledge taylor & francis group _c1992. |
||
| 300 |
_a333p.: _bill,; _c15 cm. |
||
| 526 |
_a0 _b0 _c0 _d711_409000000000000_WHI |
||
| 650 |
_aMCE _9379 |
||
| 942 |
_2ddc _cBK |
||
| 999 |
_c548796 _d548796 |
||